Biblioteca y Centro de Documentación

Agriculture in the Global Economy (Registro nro. 44954)

Detalles MARC
000 -CABECERA
Longitud fija campo de control 01143naa a2200289 4500
001 - NÚMERO DE CONTROL
Número de control 44954
003 - IDENTIFICADOR DE NÚMERO DE CONTROL
Identificador del número de control ES-MaCES
005 - FECHA Y HORA DE LA ÚLTIMA TRANSACCIÓN
Fecha y hora de la última transacción 20140724103837.0
008 - CAMPO FIJO DE DESCRIPCIÓN FIJA--INFORMACIÓN GENERAL
Códigos de información de longitud fija   000000s2014 xxu||||| t||||||| ||eng d
040 ## - FUENTE DE CATALOGACIÓN
Centro catalogador de origen ES-MaCES
Lengua de catalogación spa
Centro transcriptor ES-MaCES
100 1# - ENCABEZAMIENTO PRINCIPAL--NOMBRE PERSONAL
9 (RLIN) 35110
Nombre de persona Alston, Julian M.
245 10 - MENCIÓN DE TÍTULO
Título Agriculture in the Global Economy
Mención de responsabilidad, etc. Julian M. Alston and Philip G. Pardey
504 ## - NOTA DE BIBLIOGRAFÍA, ETC.
Nota de bibliografía, etc. Bibliografía: p. 144-146
650 #4 - ASIENTO SECUNDARIO DE MATERIA--TÉRMINO DE MATERIA
9 (RLIN) 27489
Término de materia o nombre geográfico como elemento inicial agricultura
650 #4 - ASIENTO SECUNDARIO DE MATERIA--TÉRMINO DE MATERIA
9 (RLIN) 30653
Término de materia o nombre geográfico como elemento inicial globalización económica
650 #4 - ASIENTO SECUNDARIO DE MATERIA--TÉRMINO DE MATERIA
9 (RLIN) 27487
Término de materia o nombre geográfico como elemento inicial economía agrícola
650 #4 - ASIENTO SECUNDARIO DE MATERIA--TÉRMINO DE MATERIA
9 (RLIN) 27491
Término de materia o nombre geográfico como elemento inicial desarrollo agrícola
650 #4 - ASIENTO SECUNDARIO DE MATERIA--TÉRMINO DE MATERIA
9 (RLIN) 27531
Término de materia o nombre geográfico como elemento inicial producción agrícola
650 #4 - ASIENTO SECUNDARIO DE MATERIA--TÉRMINO DE MATERIA
9 (RLIN) 28245
Término de materia o nombre geográfico como elemento inicial crecimiento de la producción
650 #4 - ASIENTO SECUNDARIO DE MATERIA--TÉRMINO DE MATERIA
9 (RLIN) 29717
Término de materia o nombre geográfico como elemento inicial tecnología agrícola
650 #4 - ASIENTO SECUNDARIO DE MATERIA--TÉRMINO DE MATERIA
9 (RLIN) 28889
Término de materia o nombre geográfico como elemento inicial análisis estadístico
653 10 - TÉRMINO DE INDEXACIÓN--NO CONTROLADO
Término no controlado Agricultura-Ganadería
700 1# - ENCABEZAMIENTO SECUNDARIO--NOMBRE PERSONAL
9 (RLIN) 35111
Nombre de persona Pardey, Philip G.
773 0# - ENTRADA DE DOCUMENTO FUENTE
Itemnumber del ítem fuente 81388
Lugar, editor y fecha de publicación Nashville (Broadway, 2014, Suite 305, TN 37203-2418) American Economic Association
Otro identificador del documento 084295
Título The journal of economic perspectives
Número de control del registro relacionado (ES-MaCES)25409
Parte(s) relacionada(s) vol. 28, no. 1 (Winter 2014) {10399 R. 084295} ;p. 121-146
902 ## - CES. TIPO DE DOCUMENTO
Tipodoc (006$c Sirtex) ART Artículo de revista
942 ## - ELEMENTOS KOHA
Fuente de clasificaión o esquema Clasificación propia del CES
Koha [por defecto] tipo de item Artículos (1982-2017)
Parte de clasificación Agricultura y Ganaderia

No hay ítems disponibles.

© CES, Consejo Económico y Social de España 2021